Agricultura orgánica y comercio alternativo: una aproximación al comportamiento del mercado costarricense /
Zapisane w:
| 1. autor: | |
|---|---|
| Format: | Texto |
| Hasła przedmiotowe: | |
| Etykiety: |
Dodaj etykietę
Nie ma etykietki, Dołącz pierwszą etykiete!
|
MARC
| LEADER | 00000 a a2200000 04500 | ||
|---|---|---|---|
| 001 | 12579 | ||
| 003 | |||
| 040 | |||
| 100 | |a González G, Carlos H. | ||
| 245 | |a Agricultura orgánica y comercio alternativo: |b una aproximación al comportamiento del mercado costarricense / |c Carlos H. González G | ||
| 650 | |a AGRICULTURA ORGANICA | ||
| 650 | |a COMERCIO INTERNACIONAL | ||
| 650 | |a MERCADO | ||
| 650 | |a COMERCIALIZACION | ||
| 650 | |a ORGANIZACIONES NO GUBERNAMENTALES | ||
| 773 | |g volumen 2, número 1 (3); páginas 103-104 | ||
| 999 | |c 35279 |d 35279 | ||
